Nociones de física

Gespeichert in:
Bibliographische Detailangaben
1. Verfasser: Alvarez de Ron y Díaz, Eugenio
Format: keine Angabe
Sprache:Spanisch
Erschienen: Madrid Instituto Samper 1931
Katalog:MANES:  Suchergebnis im Bibliothekskatalog
Schulbuchspezifische Eigenschaften:
Schriftenreihe:Publicaciones del Instituto Samper
Tags: Tag hinzufügen
Keine Tags, Fügen Sie den ersten Tag hinzu!
Hinzugefügt zu:26.04.2016
Geändert in:30.01.2026

MARC

LEADER 000000000a22000000004500
001 34503
003 OSt
005 20260130095019.0
008 160427s sp ||||| |||| 00| 0 spa d
040 |a manes  |c manes 
041 |a Español 
100 1 |a Alvarez de Ron y Díaz, Eugenio  |9 20088 
245 0 0 |a Nociones de física 
260 3 |a Madrid  |b Instituto Samper  |c 1931 
300 |a 384+ p.  |c 22 cm 
440 |a Publicaciones del Instituto Samper  |9 20089 
500 |a Signatura: T24/110. Rust. Legado Ruiz Collantes. Probablemente falten páginas finales. 
690 |a FQ 
691 0 |a SE 
942 |2 ddc  |c BK 
546 |a España 
999 |c 41501  |d 41501 
999 |c manes:41501  |d 41501